How do I save goodbye - Dean Lewis - Statistiques

Statistiques générales
  • Ce quiz a été pris 29 fois
  • Le résultat moyen est 26 sur 41
Statistiques - réponses
Hint Réponse % Correct
I Me You To Say So How
87%
How Oyourf Side Me Way Goodbye I
78%
How How Eyes See Closest The
78%
So Look You’s Me Steal My Do
78%
So I Way Of You’ll Me Goodbye
78%
Refrain So I Your I My And
78%
Do Do And Your Friend Color
74%
Say So I And And Life Do
74%
The Name Always Who’s And Do I
70%
To Mine And Name Time Damn How
70%
A To When Go Look Are I
65%
Couplet 1 Early I I I Face Andy Of
65%
Morning Say Say Promise When Someday Your
65%
Come You Or Say Do The Do
61%
« Darling Damn Me Do I Just So
61%
Home » Gave Wrong Goodbye I Light I
61%
It’s Me Saw She’s Do Just I
61%
Message Someone I I At Gonna See
61%
Mother My Best So How The At
61%
My Been You Make So It Face
61%
My For The Alright I Hold Look
61%
On Who’s Couldn’t Will Mine Make Your
61%
Phone With Always Sure How Out When
61%
Please Life Right I How Hold How
61%
Fear My Were Someone Goodbye How Do
57%
Little How She Your Always My
57%
Saying Whole In How Do Light Mine
57%
There’s Goodbye Goodbye Iyouf I We Eyes
57%
There’s I Without Gave Gonna For How
57%
There’s Do The Color Again Gave Say
57%
Time Do Into Eyes Be Name
57%
Worst And On Been There’s I How
57%
You I I’m My Could Someone Goodbye
57%
All Face What Life Me With Do
52%
Behind When Life You Down Me I
52%
But Thcolore My With No Say Do
52%
But How Saw The Start You I
52%
Could Eyes But For You To Say
52%
Leave See Scared Whole Ever Who’s So
52%
Much At Like My Some Whole I
52%
Us Your Of Damn Leave Been How
52%
Aucun quiz correspondant
Distribution des résultats
% des personnes avec chaque résultat
Percentile par nombre de réponses
Votre historique - résultats
Vous n’avez pas pris ce quiz